The institutions of meaning : a defense of anthropological holism /

Bibliographic Details
Main Author: Descombes, Vincent (Author)
Format: Book
Language:English
Published: Cambridge, Massachusetts : Harvard University Press, 2014.
Subjects:

MARC

Tag First Indicator Second Indicator Subfields
LEADER 00000cam a2200000 i 4500
001 in00003443003
005 20151206100016.0
008 140203s2014 mau b 001 0 eng
010 |a  2013031635 
020 |a 9780674728783 
020 |a 0674728785 
035 |a (OCoLC)ocn861478396 
040 |a DLC  |e rda  |c DLC  |d UtOrBLW 
041 1 |a eng  |h fre 
049 |a TXAM 
050 0 0 |a B77  |b .D43513 2014 
082 0 0 |a 128/.2  |2 23 
100 1 |a Descombes, Vincent,  |e author. 
240 1 0 |a Institutions du sens.  |l English 
245 1 4 |a The institutions of meaning :  |b a defense of anthropological holism /  |c Vincent Descombes ; translated by Stephen Adam Schwartz. 
264 1 |a Cambridge, Massachusetts :  |b Harvard University Press,  |c 2014. 
300 |a xxix, 360 pages ;  |c 25 cm. 
336 |a text  |b txt  |2 rdacontent 
337 |a unmediated  |b n  |2 rdamedia 
338 |a volume  |b nc  |2 rdacarrier 
504 |a Includes bibliographical references and index. 
650 0 |a Philosophy. 
650 0 |a Spirit. 
650 0 |a Sense (Philosophy) 
650 0 |a Holism. 
945 |a PromptCat  |b 721572 
946 |a stk 
947 |a A14840676880 
948 |a cataloged  |b h  |c 2014/5/2  |d c  |e dmitchel  |f 12:30:20 pm 
994 |a 92  |b TXA 
999 |a MARS 
999 f f |s 1c9e3162-dce1-38e3-9963-0fc37ee50159  |i 67e2f02a-791b-365c-8d2f-8ec9a5e086ba  |t 0 
952 f f |p normal  |a Texas A&M University  |b College Station  |c Sterling C. Evans Library  |d Evans: Library Stacks  |t 0  |e B77 .D43513 2014  |h Library of Congress classification  |i unmediated -- volume  |m A14840676880 
998 f f |a B77 .D43513 2014  |t 0  |l Evans: Library Stacks